Catálogo
 En Linea

Una historia de cactus : (Registro nro. 49432)

Detalles MARC
000 -CABECERA
campo de control de longitud fija 01300nam a22002897a 4500
003 - IDENTIFICADOR DEL NÚMERO DE CONTROL
campo de control OSt
005 - FECHA Y HORA DE LA ÚLTIMA TRANSACCIÓN
campo de control 20260427133732.0
008 - DATOS DE LONGITUD FIJA--INFORMACIÓN GENERAL
campo de control de longitud fija 210223b 2020 dr aj 00| 0 eng d
020 ## - NÚMERO INTERNACIONAL ESTÁNDAR DEL LIBRO
Número Internacional Estándar del Libro 9789945094428
040 ## - FUENTE DE LA CATALOGACIÓN
Centro catalogador/agencia de origen DO-SdBNP
Lengua de catalogación spa
Centro/agencia transcriptor BNPHU
082 #4 - NÚMERO DE LA CLASIFICACIÓN DECIMAL DEWEY
Número de clasificación RD863.5
Número de documento/Ítem F316u
Número de edición 22
100 1# - ENTRADA PRINCIPAL--NOMBRE DE PERSONA
Nombre de persona Féliz Camilo, Arturo
9 (RLIN) 71600
245 10 - MENCIÓN DE TÍTULO
Título Una historia de cactus :
Resto del título y otros cuentos /
Mención de responsabilidad, etc. Arturo Féliz-Camilo ; ilustraciones por Ana Camila Féliz (Kami) ; prólogo Clarissa Guerrero ; corrección y epilogo Nancy Patricia Canó.
250 ## - MENCIÓN DE EDICIÓN
Mención de edición 2a ed.
260 ## - PUBLICACIÓN, DISTRIBUCIÓN, ETC.
Lugar de publicación, distribución, etc. Santo Domingo :
Nombre del editor, distribuidor, etc. Buho,
Fecha de publicación, distribución, etc. 2020.
300 ## - DESCRIPCIÓN FÍSICA
Extensión 85 p. :
Otras características físicas il. ;
Dimensiones 23 cm.
500 ## - NOTA GENERAL
Nota general Basado en las ideas originales de David Arturo Feliz
505 0# - NOTA DE CONTENIDO CON FORMATO
Nota de contenido con formato Prólogo --
Título El abuelo --
-- Una historia de cactus --
-- José y el abuelo --
-- El niño en el espejo --
-- Globos desinflados --
-- Cuentos raros --
-- Cuevas oscuras --
-- El circo --
-- Cuentos de niños --
-- Epilogo.
590 ## - NOTA LOCAL (RLIN)
Nota local Inventariado, 2021 /LP<br/><br/>
650 #4 - PUNTO DE ACCESO ADICIONAL DE MATERIA--TÉRMINO DE MATERIA
Término de materia o nombre geográfico como elemento de entrada Cuentos dominicanos
9 (RLIN) 176
650 #4 - PUNTO DE ACCESO ADICIONAL DE MATERIA--TÉRMINO DE MATERIA
Término de materia o nombre geográfico como elemento de entrada Literatura dominicana
Subdivisión general Siglo XX
9 (RLIN) 89415
700 1# - PUNTO DE ACCESO ADICIONAL--NOMBRE DE PERSONA
Nombre de persona Féliz, Ana Camila,
Término indicativo de función/relación ilustraciones,
9 (RLIN) 77887
700 1# - PUNTO DE ACCESO ADICIONAL--NOMBRE DE PERSONA
Nombre de persona Guerrero, Clarissa,
Término indicativo de función/relación prólogo
9 (RLIN) 77891
700 1# - PUNTO DE ACCESO ADICIONAL--NOMBRE DE PERSONA
Nombre de persona Canó, Nancy Patricia,
Término indicativo de función/relación corrección y epílogo
9 (RLIN) 77892
910 ## - DATOS DE OPCIÓN DEL USUARIO (OCLC)
Datos de opción del usuario Validado. Control de calidad MFF
942 ## - ELEMENTOS DE PUNTO DE ACCESO ADICIONAL (KOHA)
Fuente del sistema de clasificación o colocación Dewey Decimal Classification
Tipo de ítem Koha Libro
Existencias
Estado de retiro Estado de pérdida Fuente del sistema de clasificación o colocación Restricciones de uso No para préstamo Código de colección Localización permanente Ubicación/localización actual Ubicación en estantería Fecha de adquisición Fuente de adquisición Total de préstamos Signatura topográfica completa Código de barras Fecha visto por última vez Precio válido a partir de Tipo de ítem Koha Número de copia
    Dewey Decimal Classification Excluido de préstamo   Monografías: Libros y Folletos Biblioteca Nacional Pedro Henríquez Ureña Biblioteca Nacional Pedro Henríquez Ureña Depósito 23.02.2021 Depósito Legal   BNPHU PD CIJ RD863.5 F316u 2021-0377 23.02.2021 23.02.2021 Libro  
    Dewey Decimal Classification Excluido de préstamo   Patrimonio Dominicano Biblioteca Nacional Pedro Henríquez Ureña Biblioteca Nacional Pedro Henríquez Ureña Depósito 23.02.2021 Depósito Legal   BNPHU PD CIJ RD863.5 F316u 2021-0378 23.02.2021 23.02.2021 Libro e.2
    Dewey Decimal Classification Préstamo en sala   Dominicana de Servicio Biblioteca Nacional Pedro Henríquez Ureña Biblioteca Nacional Pedro Henríquez Ureña Depósito 23.02.2021 Depósito Legal   BNPHU DS CIJ RD863.5 F316u 2021-0379 23.02.2021 23.02.2021 Libro e.3

Con tecnología Koha